World investment report 1998 trends and determinants

Uložené v:
Podrobná bibliografia
Médium: Kniha
Jazyk:English
Vydavateľské údaje: New York United Nations 1998
Predmet:
Tagy: Pridať tag
Žiadne tagy, Buďte prvý, kto otaguje tento záznam!

MARC

LEADER 00000nam a2200000 4500
001 c124753
005 20221221083951.8
020 |a 92-1-112426-3 
041 0 |a eng 
044 |a US 
245 1 0 |a World investment report 1998  |b trends and determinants 
264 1 |a New York  |b United Nations  |c 1998 
300 |a 428 s. 
610 2 0 |a investície priame zahraničné 
610 2 0 |a investície v zahraničí 
610 2 0 |a investície zahraničné 
610 2 0 |a investície zo zahraničia 
610 2 0 |a svet 
610 2 0 |a 1998 
610 2 0 |a rozvoj hospodársky 
610 2 0 |a krajiny rozvojové